Estudios de historia filosófica / (Record no. 164964)

MARC details
000 -LEADER
campo de control de longitud fija 00930nam a22002295i 4500
001 - NÚMERO DE CONTROL
campo de control 164964
003 - IDENTIFICADOR DE NÚMERO DE CONTROL
campo de control ES-MaACL
005 - FECHA Y HORA DE LA ÚLTIMA TRANSACCIÓN
campo de control 20250815062648.0
008 - DATOS DE LONGITUD FIJA--INFORMACIÓN GENERAL
campo de control de longitud fija 960508q18901898sp |||| | spa d
040 ## - FUENTE DE CATALOGACIÓN
Centro catalogador/agencia de origen CLM
Lengua de catalogación spa
Centro/agencia transcriptor CLM
100 1# - ENTRADA PRINCIPAL--NOMBRE DE PERSONA
Nombre de persona Schopenhauer, Arthur,
Fechas asociadas al nombre 1788-1860
9 (RLIN) 240710
245 10 - MENCIÓN DEL TÍTULO
Título Estudios de historia filosófica /
Mención de responsabilidad, etc. por Arturo Schopenhauer ; traducción ... de la 7ª ed. alemana de Edmundo González-Blanco.
260 ## - PUBLICACIÓN, DISTRIBUCIÓN, ETC.
Lugar de publicación, distribución, etc. Madrid :
Nombre del editor, distribuidor, etc. La España Moderna,
Fecha de publicación, distribución, etc. [s.a] (
Fabricante Establecimiento Tipográfico de Idamor Moreno)
300 ## - DESCRIPCIÓN FÍSICA
Extensión 268 p. ;
Dimensiones 22 cm.
490 1# - MENCIÓN DE SERIE
Mención de serie Biblioteca de jurisprudencia, filosof[a e historia
596 ## - NOTA AL PIE DE IMPRENTA
NOTA AL PIE DE IMPRENTA Idamor Moreno ejerce entre 1890 y 1898.
650 #4 - PUNTO DE ACCESO ADICIONAL DE MATERIA--TÉRMINO DE MATERIA
Término de materia o nombre geográfico como elemento de entrada Filosofía-
Subdivisión de forma Historia.
9 (RLIN) 158248
700 1# - ENTRADA AGREGADA--NOMBRE PERSONAL
Nombre de persona González-Blanco, Edmundo.
9 (RLIN) 58462
830 00 - PUNTO DE ACCESO ADICIONAL DE SERIE-TÍTULO UNIFORME
Título uniforme Biblioteca de jurisprudencia, filosofía e historia
9 (RLIN) 180691
852 ## - LOCALIZACIÓN
Ubicación ES-MaACL
Número de control de estantería F-14827
Nota libre -- Enc. hol.
Holdings
Estatus retirado Estado de pérdida Estado de daño No para préstamo Biblioteca de origen Biblioteca actual Ubicación en estantería Fecha de adquisición Fuente de adquisición Total de préstamos Signatura topográfica completa Código de barras Visto por última vez Precio de reemplazo Tipo de ítem Koha
        Biblioteca del Ateneo de Madrid Biblioteca del Ateneo de Madrid Sala Pecera Planta 2 17/01/2008     F-14827 1172931 23/02/2023 23/02/2023 Libro impreso